| 000 | 00529nam a22001937a 4500 | ||
|---|---|---|---|
| 005 | 20160127103549.0 | ||
| 008 | 160127b1972 fr a gr|||| 00| 0 spa d | ||
| 040 |
_aCO-BoIAVH _cCO-BoIAVH |
||
| 041 | _afre | ||
| 044 | _afr | ||
| 082 | 4 |
_a595.717 _bF69g |
|
| 100 | 1 | _aFord, Brisco Edmund | |
| 245 | 1 | _aGénétique écologique | |
| 260 |
_a: _b, _c. |
||
| 300 |
_a448 paginas.: _bilsutraciones.; _c24 x 16 cm |
||
| 650 | 6 |
_aGenética _vEcología |
|
| 650 | 6 | _aGenética ecológica | |
| 942 |
_2ddc _cLIBRO |
||
| 999 |
_c18032 _d18032 |
||